| 000 | 01007nam2a22002651 4500 | ||
|---|---|---|---|
| 001 | v19\rc\1347012 | ||
| 005 | 20250618074204.0 | ||
| 035 | _a(NLR Aleph) 004493432 | ||
| 090 |
_a4660467 _c4660467 |
||
| 100 | _a20060512d1861 |||y0rusy50 ca | ||
| 101 | 0 | _arus | |
| 102 | _aRU | ||
| 105 | _ay z ||||| | ||
| 200 | 0 | _a[Ч. 2] | |
| 210 |
_d1861 _aБ. м. |
||
| 215 | _aIV, 169 с. | ||
| 461 | 0 |
_1001v19\rc\1347009 _12001#$aВоинский устав о строевой службе конных полков казачьих войск$e[Ч. 1]$v[Ч. 2] _94660454 _cСанкт-Петербург _d1861 _nтип. Упр. иррегуляр. войск _o[Ч. 1] _tВоинский устав о строевой службе конных полков казачьих войск _v[Ч. 2] |
|
| 801 | 0 |
_aRU _bNLR _gpsbo |
|
| 801 | 0 |
_aRU _bRuMoRGB _2psbo |
|
| 801 | 1 |
_aRU _bProSoft-M _2rusmarc |
|
| 852 |
_aNLR _j18.107.5.75 |
||
| 899 |
_aRuMoRGB _jU 403/34 |
||
| 899 |
_aRuMoRGB _jU 384/29 |
||
| 942 | _cBOOK | ||
| 980 | _aNB | ||